00745cam a22001818i 45000010009000000050017000090080041000260200019000670410008000860800015000941000018001092450142001272640056002693000024003256530128003496530035004776530051005122085862020221108133811.0190219s2019 pau 000 0 eng  a9781785923210x aeng a376.2 W-801 aWood, Rebecca10aInclusive education for autistic children :bhelping children and young people to learn and flourish in the classroom /cDr Rebecca Wood. 4c2019.aPhiladelphia :bJessica Kingsley Publishers, a208 pages :b23 cm. aინკლუზიური განათლება აუტისტი ბავშვებისათვის aპედაგოგიკა aაუტისტი ბავშვები